1996 Summer Olympics Sports Quiz - Statistics

General Stats
  • This quiz has been taken 38 times
  • The average score is 24 of 37
Answer Stats
Answer % Correct
Athletics
97%
Swimming
94%
Football (Soccer)
84%
Archery
81%
Basketball
81%
Judo
81%
Rowing
78%
Tennis
78%
Beach Volleyball
75%
Diving
75%
Volleyball
75%
Artistic Gymnastics
69%
Boxing
69%
Freestyle Wrestling
69%
Greco-Roman Wrestling
69%
Rhythmic Gymnastics
69%
Mountain Biking
66%
Road Cycling
66%
Track Cycling
66%
Badminton
63%
Baseball
63%
Fencing
63%
Shooting
59%
Table Tennis
59%
Water Polo
59%
Weightlifting
59%
Canoeing (Slalom)
56%
Canoeing (Sprint)
56%
Sailing
56%
Softball
53%
Equestrian Dressage
50%
Equestrian Eventing
47%
Equestrian Show Jumping
47%
Field Hockey
47%
Handball
47%
Modern Pentathlon
34%
Synchronized Swimming
34%
No matching quizzes found
Score Distribution
Percent of People with Each Score
Percentile by Number Answered
Your Score History
You have not taken this quiz